00488nam a22001457a 450000500170000000800410001702000150005804100130007308200130008610000410009924500910014026000570023130000280028865000260031620240122132930.0240122b |||||||| |||| 00| 0 eng d a0409004227 aEnglish  a349 JOU  aJoubert, WA and Scott, TJ lEnglish  aThe Law of South Africa : Fifth Cumulative Table of Cases / cWA Joubert and TJ Scott  aDurban : bButterowrth Publishers (Pty) Ltd, c1996  b987 pages ; c26,4 cm.  aLegal practice bLaw